000 00531cam a2200217ua 4500
001 8223
005 20260515114316.0
008 150110n ii |||gr||||Z||||||hin
020 _a8171194494
040 _cMAIN
041 _ahin
082 _a891.433
100 _aPandey, B. S.,
_eAuthor.
245 1 _aJee jee jee
_cBy Bechan Sharma Pandey
250 _a1st.
260 _aNew Delhi:
_bRadhakrishna,
_c1999.
300 _a120p.
653 _aEast Indo-European & Celtic literatures
653 _aHindi novels
942 _cBK
999 _c7333
_d7333